000 00369nam a22001577a 4500
003 MPLRDC
005 20220104153228.0
008 210129b ||||| |||| 00| 0 eng d
082 _a947.417 CS v.2
100 _a村上
245 _a猛龙拳王. PART 2
_c
260 _a
_b创艺出版社
_c
300 _b
650 _a长篇漫画
942 _cBK
_o947.417 CS v.2
999 _c53330
_d53320